000 00577nam a2200193Ia 4500
008 151121s9999||||xx |||||||||||||| ||und||
082 _a813/रायक
082 _bHNW-57272
100 _aरायकर प्रतिमा
245 _aदूर दूर
260 _b"प्रिया प्रकाशन, मुंबई"
260 _c--
300 _a163
600 _aरायकर प्रतिमा
630 _aदूर दूर
700 _aरायकर प्रतिमा
730 _aदूर दूर
942 _cBOOK
999 _c1239548
_d1239545